Was That the Last? Quiz Stats

 Plays Quiz Updated Jan 20, 2017

Support Sporcle.
Go Orange.
Score 0/24 Timer 05:00
0 Plays Today
Subject Yes or No % Correct
Nicholas II???
79.8%
97???
79.6%
Caroline Kennedy???
72.2%
Amen???
71.8%
110???
67.7%
Alaska???
66.1%
'Symphony No. 9'???
66%
'Mockingjay'???
65.1%
Mississippi???
62.8%
Boris Yeltsin???
62%
'The Last Battle'???
61.8%
Stephen Baldwin???
60.9%
Subject Yes or No % Correct
1944???
60.6%
'Full Metal Jacket'???
60.3%
1950s???
58.4%
'The Visitors'???
48.8%
Grover Cleveland ???
47.6%
Ming???
46.4%
Catherine Howard???
45.5%
'Mary Poppins'???
44.3%
LA Galaxy???
37.6%
'My Way'???
36.6%
'Rebel Without a Cause'???
36%
'Goodbye'???
34.6%

You're not logged in!

Compare scores with friends on all Sporcle quizzes.
OR
Log In
Forgot?

From the Vault

Detroit Red Wings Leaders by Position

by mrom

Do they have wings because they drank a lot of Redbull?
Remove Ads.
Support Sporcle.
Get the best of Sporcle when you Go Orange. This ad-free experience offers more features, more stats, and more fun while also helping to support Sporcle. Thank you for becoming a member.

Show Comments

Extras

Top Quizzes Today


Score Distribution

Your Account Isn't Verified!

In order to create a playlist on Sporcle, you need to verify the email address you used during registration. Go to your Sporcle Settings to finish the process.

Report this User

Report this user for behavior that violates our Community Guidelines.

Details: